Historic photos of San Francisco. (Record no. 665)

MARC details
000 -LEADER
fixed length control field 00943cam a2200277 a 4500
005 - DATE AND TIME OF LATEST TRANSACTION
control field 20260322212029.0
008 - FIXED-LENGTH DATA ELEMENTS--GENERAL INFORMATION
fixed length control field data
010 ## - LIBRARY OF CONGRESS CONTROL NUMBER
LC control number 2006934479
020 ## - INTERNATIONAL STANDARD BOOK NUMBER
International Standard Book Number 1596523077
020 ## - INTERNATIONAL STANDARD BOOK NUMBER
International Standard Book Number 9781596523074
040 ## - CATALOGING SOURCE
Original cataloging agency NTG
Transcribing agency NTG
Modifying agency DLC
-- DLC
042 ## - AUTHENTICATION CODE
Authentication code lccopycat
043 ## - GEOGRAPHIC AREA CODE
Geographic area code n-us-ca
050 00 - LIBRARY OF CONGRESS CALL NUMBER
Classification number F869.S343
Item number S37 2006
092 ## - LOCALLY ASSIGNED DEWEY CALL NUMBER (OCLC)
Classification number 979.461 S37 2006
001 - CONTROL NUMBER
control field data
100 1# - MAIN ENTRY--PERSONAL NAME
Personal name Schall, Rebecca.
245 10 - TITLE STATEMENT
Title Historic photos of San Francisco.
Statement of responsibility, etc. Rebecca Schall.
260 ## - PUBLICATION, DISTRIBUTION, ETC.
Place of publication, distribution, etc. Nashville, Tenn. :
Name of publisher, distributor, etc. Turner Pub. Co.,
Date of publication, distribution, etc. 2006.
300 ## - PHYSICAL DESCRIPTION
Extent x, 206 p. :
Other physical details chiefly ill. ;
Dimensions 27 cm.
500 ## - GENERAL NOTE
General note "Text and captions by Rebecca Schall"--Jkt.
650 #0 - SUBJECT ADDED ENTRY--TOPICAL TERM
Topical term or geographic name entry element Historic buildings
Geographic subdivision San Francisco
-- San Francisco
Form subdivision Pictorial works.
651 #0 - SUBJECT ADDED ENTRY--GEOGRAPHIC NAME
Geographic name San Francisco (Calif.)
General subdivision History
Form subdivision Pictorial works.
651 #0 - SUBJECT ADDED ENTRY--GEOGRAPHIC NAME
Geographic name San Francisco (Calif.)
General subdivision Buildings, structures, etc.
Form subdivision Pictorial works.
651 #0 - SUBJECT ADDED ENTRY--GEOGRAPHIC NAME
Geographic name San Francisco (Calif.)
General subdivision Social life and customs
Form subdivision Pictorial works.
Holdings
Withdrawn status Lost status Damaged status Not for loan Home library Current library Shelving location Date acquired Total checkouts Full call number Barcode Date last seen Price effective from Koha item type
        Pleasant Valley Pleasant Valley General stacks 22/03/2026   F869.S343 S37 2006 BC0010682 22/03/2026 22/03/2026 Books